00458nam a22001337a 4500003000500000038001800005082000800023100002000031245011600051264003500167650003100202700003300233856005800266NUST aNusrat Nadeem a200 aRabeea Sohail,  aDesign and Development of an Intelligent Chat-Doctor System using Large Language Models (LLMs)/cSohail, Rabeea aIslamabad:bSEECS NUST.c2025. aMS-Electrical Engineering  aSupervisor: Dr. Sohail Iqbal u http://10.250.8.41:8080/xmlui/handle/123456789/57471